Mahallede müzik var (Record no. 6389)

MARC details
000 -BAŞLIK
Sabit Uzunlukta Kontrol Alanı 00733na a2200241 4500
001 - KONTROL NUMARASI
Denetim Alanı 19574
003 - KONTROL NUMARASI IDENTIFIER
Denetim Alanı MIRAKIL
005 - SON İŞLEM TARİHİ VE ZAMANI
Denetim Alanı 20181213155106.0
008 - SABİT-BOY VERİ ELEMANLARI - GENEL BİLGİLER
Sabit Uzunlukta Kontrol Alanı 161219b tu 000 0
035 ## - SİSTEM KONTROL NUMARASI
Sistem Kontrol Numarası 19574
040 ## - KATALOGLAMA KAYNAK
Orijinal Kataloglama Ajansı Milas
Kataloglama Dili tur
Metne Dönüştürmek Ajansı TR-AnCHP
041 ## - DİL KODU
Metin / Ses Parça Veya Ayrı Başlığın Dil Kodu tur
-- gre
082 ## - DEWEY ONLU SINIFLANDIRMA NUMARASI
Sınıflandırma Numarası 370.196
Ürün Numarası D35m [t.y.]
090 ## - SINIFLAMA NUMARASI
Sınıflama Numarası 370.196 D35m [t.y.]
245 ## - BAŞLIK TABLOSU
Başlık Mahallede müzik var
Sorumluluk Tablosu, Vb Sibel Demirtaş, Viki Kutsuraki, Arzu Oyacıoğlu
260 ## - YAYIN, DAĞITIM, VB
Yayın, Dağıtım, Vb Yeri [y.y.]
Yayıncı, Dağıtıcı, Vs Adı KEDV
Yayın, Dağıtım, Vb Tarihi [t.y.]
300 ## - FİZİKSEL TANIM
Kapsam 83 + 95 s.
Diğer Fiziksel Ayrıntıları fotğ.
Boyutlar 30 sm.
500 ## - GENEL NOT
Genel Not Yapıt iki taraflı Yunanca ve Türkçe yazılmıştır.
650 ## - KONU KATMA GİRİŞ - TOPİKAL DÖNEM
Topikal Süreli Veya Coğrafi Ad Giriş Elemanı Kültürlerarası eğitim
Genel Alt Bölümü Müzik eğitimi
Kronolojik Alt Bölümü Çocuklar
700 ## - KATMA GİRİŞ - KİŞİSEL İSİM
Kişisel Ad Oyacıoğlu, Arzu
700 ## - KATMA GİRİŞ - KİŞİSEL İSİM
Kişisel Ad Kutsuraki, Viki
942 ## - EKLENDİ GİRİŞ ELEMANLARI (KOHA)
Sınıflandırma Veya Raf Düzeni Kaynak Dewey Decimal Classification
Koha Öğesi Türü Books
999 ## - SİSTEM KONTROL NUMARALARI (KOHA)
Koha Biblionumber 6389
Koha Biblioitemnumber 6389
Holdings
Kalıcı Konum Mevcut Konum Edinme Tarihi Edinim Kaynak Toplam Check-Out'Lar Tam Çağrı Numarası Barkod Tarih Son Görülme İtibaren Geçerli Fiyatlar Koha Öğesi Türü
CHP Kütüphanesi CHP Kütüphanesi 12/19/2016 Bağış   370.196 D35m [t.y.] 011628 12/19/2016 12/19/2016 Books